| 000 | 01542nam a22004337a 4500 | ||
|---|---|---|---|
| 003 | CHAP | ||
| 005 | 20220329135942.0 | ||
| 008 | 971013s1994 r 00010 d | ||
| 010 | _a44591 | ||
| 011 | _a45563 | ||
| 035 | _a49702 | ||
| 040 | _cCHAP | ||
| 090 | _aTesis | ||
| 100 | 0 | 0 |
_aValeriano Hernández, Miguel. _9117530 |
| 245 | _aEstudio de la densidad de población y uso de la radiación solar en cultivos asociados, maíz (Zea mays L.) y haba (Vicia faba L.) | ||
| 260 |
_aChapingo, Méx. : _bEl autor, _c1994 |
||
| 300 | _a74 h. | ||
| 502 | _aTesis (Ing. Agr. Esp. en Fitotecnia) -- UACH. Departamento de Fitotecnia | ||
| 590 |
_aALEPH _b10 _c20130110 _lUCH01 _h1314 |
||
| 590 |
_aBATCH-UPD _b10 _c20130110 _lUCH01 _h0253 |
||
| 590 |
_aBATCH-UPD _b10 _c20130110 _lUCH01 _h1705 |
||
| 590 |
_aBATCH-UPD _b10 _c20130409 _lUCH01 _h2324 |
||
| 590 |
_aBATCH-UPD _b10 _c20130410 _lUCH01 _h1350 |
||
| 590 |
_aBATCH-UPD _b10 _c20130914 _lUCH01 _h1125 |
||
| 590 |
_aCONVERSION _b10 _c20130109 _lUCH01 _h1324 |
||
| 650 | 1 | 4 |
_aCultivos asociados. _930370 |
| 650 | 1 | 4 |
_aFotosíntesis. _942737 |
| 650 | 1 | 4 |
_aHaba _xEspaciamiento. _952104 |
| 650 | 1 | 4 |
_aHaba _xRendimiento. _952122 |
| 650 | 1 | 4 |
_aLuz _xEfecto en haba. _969234 |
| 650 | 1 | 4 |
_aLuz _xEfecto en maíz. _969237 |
| 650 | 1 | 4 |
_aMaíz _xEspaciamiento. _970946 |
| 650 | 1 | 4 |
_aMaíz _xRendimiento. _971051 |
| 650 | 1 | 4 |
_aRadiación solar. _993678 |
| 901 | _aBK | ||
| 942 | _cFOLL | ||
| 949 |
_bBC _cTES _d-112012 _eTS1 _h28114 _i49702 _si |
||
| 949 |
_bBC _cTES _d33724000006615 _eTS2 _fc.2 _h28115 _i49702 _si |
||
| 999 |
_c44591 _d44591 |
||